00887nam a2200253Ia 4500001000900000003000500009005001700014008004100031010001100072020002200083040000900105082002600114100002300140245016400163260005900327300001700386504003100403650004600434650003500480650002000515650005300535650001900588650002600607dia_6682CHAP20231201112328.0220117s2014 xx 000 0 und d a177935 a978-0-12-420155-2 cCHAP a690.83704724 P53 2014 aPlante, Russell H. aSolar energy, photovoltaics, and domestic hot water : a technical and economic guide for project planners, builders, and property owners /c Russell H. Plante aEstados Unidos de América :b Academic Press,c2014 axiii, 230 p. aBibliografía: p. 225-226 aBuildingxintegrated photovoltaic systems aCalentadores de agua solares  aCasas solares  aSistemas fotovoltaicos integrados en edificios  aSolar houses  aSolar water heaters